000 003410000a22001450004500
020 _a84-7530-276-9
041 0 _aSPA
082 0 4 _aG 849.146 M67897m
100 1 _aMistral, Frederi
245 1 0 _aMirèio / Frederi Mistral ; José Miguel Velloso, Traductor
260 _aMadrid : Orbis
300 _a156 Pag
001 13286
942 _cBK
999 _c42270
_d42270